00774cam a2200229 i 45000010008000000030004000080050017000120080041000290100017000700200015000870400018001020430012001200820021001322450138001532600055002913000029003465000020003756510055003957000040004507000019004907100035005094581356OSt20230620112553.0760219s1976 ilua 001 0 eng  a 75033492  a0852293143 aDLCcDLCdDLC an-us---00a320.9/73/03bADL04aThe Revolutionary years :bBritannica's book of the American Revolution /cMortimer J. Adler, editor, Wayne Moquin, associate editor. aChicago :bEncyclopaedia Britannica, inc.,cc1976. a319 p. :bill. ;c25 cm. aIncludes index. 0aUnited StatesxPolitics and governmenty1775-1783.1 aAdler, Mortimer Jerome,d1902-2001.1 aMoquin, Wayne.2 aEncyclopaedia Britannica, Inc.